| 000 | 00420cam a2200169ua 4500 | ||
|---|---|---|---|
| 020 | _a0-12-70060-5 | ||
| 041 |
_aeng _h |
||
| 082 |
_a664.02 _bTRO/SA |
||
| 100 | _aTroller, John A . | ||
| 245 |
_aSanitation in food processing / _cJohn A Troller. _hTextual Documents |
||
| 250 |
_a1 / _b. |
||
| 260 |
_aNew York : _bAcademic Press , _c1983. |
||
| 300 | _a456 ; . | ||
| 504 | _a | ||
| 942 | _cBK | ||
| 999 |
_c9926 _d9926 |
||